[Event "Chigorin Memorial 2019"]
[Site "St Petersburg RUS"]
[Date "2019.10.09"]
[Round "5.37"]
[White "Saveliev, Alexei"]
[Black "Semenenko, Sergey"]
[Result "1/2-1/2"]
[WhiteTitle "IM"]
[WhiteElo "2363"]
[BlackElo "2107"]
[WhiteFideId "24128546"]
[BlackFideId "4173767"]
[EventDate "2019.10.05"]

1. e4 c5 2. Nf3 d6 3. d4 cxd4 4. Nxd4 Nf6 5. Nc3 a6 6. Be2 e5 7. Nb3 Be7 8. Be3
O-O 9. g4 Be6 10. g5 Nfd7 11. h4 Nb6 12. Bg4 Nc4 13. Bxe6 fxe6 14. Qg4 Qc8 15.
O-O-O Nc6 16. Rh3 b5 17. g6 h6 18. Rf3 Rxf3 19. Qxf3 Qf8 20. Qg4 Qf6 21. Nd2
Nxd2 22. Rxd2 Rf8 23. Ne2 Kh8 24. h5 Nd8 25. Rd3 Nc6 26. Rd1 Re8 27. f4 exf4 28.
Bxf4 Ne5 29. Qh3 Nc4 30. c3 Rd8 31. b3 Ne5 32. Be3 Nc6 33. Rf1 Qe5 34. Qf3 b4
35. Nd4 Rc8 36. Kd1 Bf6 37. Nxc6 Qxc3 38. Bd4 Qxf3+ 39. Rxf3 Rxc6 40. Bxf6 gxf6
41. Rxf6 Rc5 42. Rxe6 Rxh5 43. Rxd6 a5 44. Rd5 Rg5 45. Ke2 Kg7 46. Rd7+ Kxg6 47.
Rd6+ Kf7 48. Kf3 Re5 49. Ra6 Rc5 50. Kf4 h5 51. e5 h4 52. Kf5 h3 53. Rh6 Rc3 54.
Rh7+ Kg8 55. Rh5 Kf7 56. Rh7+ Kg8 57. Rh4 Kf7 58. e6+ Ke8 59. Rh8+ Ke7 60. Rh7+
Ke8 61. Ke5 Rd3 62. Ke4 Rc3 63. Ke5 Kd8 64. Kd6 Rd3+ 65. Kc5 Rd2 66. Rxh3 Ke7
67. Kb5 Rxa2 68. Rh7+ Kxe6 69. Ra7 Ra3 70. Rxa5 1/2-1/2

[Event "Chigorin Memorial 2019"]
[Site "St Petersburg RUS"]
[Date "2019.10.09"]
[Round "5.38"]
[White "Palin, Denis"]
[Black "Can, Isik"]
[Result "1/2-1/2"]
[BlackTitle "IM"]
[WhiteElo "2164"]
[BlackElo "2361"]
[WhiteFideId "4118200"]
[BlackFideId "6383742"]
[EventDate "2019.10.05"]

1. d4 Nf6 2. Nf3 e6 3. e3 c5 4. Bd3 Nc6 5. b3 d5 6. O-O Be7 7. Bb2 O-O 8. a3 b6
9. Nbd2 Bb7 10. Ne5 Nxe5 11. dxe5 Ne4 12. Nxe4 dxe4 13. Bc4 Qc8 14. Qe2 a6 15.
a4 Bc6 16. Rfd1 Qb7 17. Qe1 b5 18. axb5 axb5 19. Be2 f6 20. Rxa8 Rxa8 21. Ra1
Bd8 22. Rxa8 Qxa8 23. Qa1 Qb7 24. h3 h5 25. f3 h4 26. f4 Bc7 27. Qa3 b4 28. Qa6
Qxa6 29. Bxa6 1/2-1/2

[Event "Chigorin Memorial 2019"]
[Site "St Petersburg RUS"]
[Date "2019.10.09"]
[Round "5.39"]
[White "Bublei, Pavel"]
[Black "Babanin, Gleb"]
[Result "1/2-1/2"]
[WhiteTitle "FM"]
[WhiteElo "2358"]
[BlackElo "2119"]
[WhiteFideId "24112593"]
[BlackFideId "34152536"]
[EventDate "2019.10.05"]

1. d4 d5 2. c4 c6 3. Nc3 Nf6 4. Nf3 dxc4 5. a4 Bf5 6. e3 e6 7. Bxc4 c5 8. O-O
Nc6 9. Qe2 cxd4 10. Rd1 Qc8 11. exd4 Be7 12. d5 exd5 13. Nxd5 Nxd5 14. Bxd5 Be6
15. Bxc6+ Qxc6 16. Bg5 Bxg5 17. Nxg5 O-O 18. Qd3 g6 19. Qd4 Qc4 20. Qf6 Rac8 21.
h3 Rc6 22. Rd4 Bf5 23. Nxh7 Qe2 24. Qh4 Rfc8 25. Rad1 Kg7 26. Ng5 Rh8 27. Qf4
Qe7 28. Rd6 Rxd6 29. Rxd6 Rc8 30. Qd4+ Kg8 31. Nf3 Qe4 32. Rd8+ Rxd8 33. Qxd8+
Kg7 34. Qd1 Qb4 35. b3 Be6 36. Nd4 Bd5 37. Kh2 Qd6+ 38. Kg1 Qe5 39. Qd2 Qe4 40.
f3 Qe5 41. Kf2 Qd6 42. Qc3 Kh7 43. a5 Qe5 44. b4 a6 45. Qc5 Qg5 46. Ne2 Qd2 47.
Qd4 Qa2 48. Qh4+ Kg8 49. Qd8+ Kh7 50. Qh4+ Kg8 51. Qd8+ Kh7 52. Qe7 Bc4 53. h4
Qc2 54. Qe4 Bd3 55. Qe3 Bb5 56. g4 Qb2 57. Qe7 Kg8 58. Qd8+ Kh7 59. Qe7 Kg8 60.
h5 gxh5 61. gxh5 Bxe2 62. Qe8+ Kg7 63. Qxe2 Qxb4 64. Qe5+ Kh6 65. Qf6+ Kxh5 66.
Qxf7+ Kh6 67. Qf6+ Kh5 68. Qe5+ Kh6 69. Qf6+ Kh5 70. Qf5+ Kh6 71. Qe6+ Kg5 72.
Qe5+ Kh6 73. Kg3 Qb1 74. Qf6+ Kh7 75. Qf7+ Kh8 76. Qf8+ Kh7 77. Qe7+ Kh8 78.
Qe5+ Kg8 79. Kg4 Qg1+ 80. Kf5 b5 81. Qb8+ Kg7 82. Qc7+ Kf8 83. Qd8+ Kg7 84. Qf6+
Kg8 85. Qe6+ Kg7 86. Qd7+ Kh8 87. Qc8+ Qg8 88. Qxa6 Qd5+ 89. Kg4 Qd7+ 90. Kg3
Qg7+ 91. Kh3 Qd7+ 92. Kg3 Qg7+ 93. Kf4 Qd4+ 94. Kf5 Qd5+ 95. Kg4 Qd7+ 96. Kg5
Qd5+ 97. Kh6 Qd2+ 98. Kg6 Qd3+ 99. Kf7 Qh7+ 100. Ke8 Qg8+ 101. Ke7 Qg7+ 102. Kd8
b4 103. Qb5 Qd4+ 104. Kc7 Qc3+ 105. Kb6 b3 106. a6 b2 107. a7 Qe3+ 108. Ka6 Qa3+
109. Kb6 Qa2 110. a8=R+ Qxa8 111. Qxb2+ Kg8 112. Qf6 Qf8 113. Qg6+ Qg7 114. Qe8+
Qf8 115. Qe6+ Qf7 116. Qe4 Qf6+ 117. Kc5 Kf7 118. Qh7+ Kf8 119. Qh5 Qc3+ 120.
Kd6 Qa3+ 121. Ke6 Qe3+ 122. Kf5 Qd3+ 123. Kg5 Qd8+ 124. Kg4 Qd4+ 125. Kh3 Qf2
126. Qf5+ Kg7 127. Qe5+ Kf7 128. Kg4 Qg2+ 129. Qg3 Qxg3+ 130. Kxg3 Kg7 1/2-1/2

[Event "Chigorin Memorial 2019"]
[Site "St Petersburg RUS"]
[Date "2019.10.09"]
[Round "5.40"]
[White "Poznyak, Nazar"]
[Black "Timerkhanov, Alexander"]
[Result "0-1"]
[BlackTitle "FM"]
[WhiteElo "2124"]
[BlackElo "2354"]
[WhiteFideId "14159902"]
[BlackFideId "24177938"]
[EventDate "2019.10.05"]

1. d4 d5 2. c4 c6 3. Nf3 Nf6 4. Qb3 dxc4 5. Qxc4 Bf5 6. g3 e6 7. Bg2 Nbd7 8. O-O
Be7 9. Qb3 Qb6 10. Nbd2 Qxb3 11. axb3 O-O 12. Nc4 Be4 13. Bf4 Bd5 14. Rfc1 a6
15. Bd6 Bxd6 16. Nxd6 Rab8 17. Nd2 Bxg2 18. Kxg2 Rfd8 19. e3 e5 20. dxe5 Nxe5
21. N2c4 Nxc4 22. Nxc4 Rd5 23. Na5 Kf8 24. Rd1 Rb5 25. Rd3 Ke7 26. Nc4 Rd8 27.
Rad1 Rdd5 28. f3 Nd7 29. Na3 Rxd3 30. Rxd3 Ne5 31. Rc3 Rd5 32. Rc2 Rd3 33. f4
Ng4 34. Kf3 f5 35. Nc4 Rxb3 36. h3 Nf6 37. g4 g6 38. gxf5 gxf5 39. Rg2 Ne4 40.
Na5 Rb5 41. Nxb7 Ke8 42. Rg8+ Kf7 0-1

[Event "Chigorin Memorial 2019"]
[Site "St Petersburg RUS"]
[Date "2019.10.09"]
[Round "5.41"]
[White "Smirnov, Timofey"]
[Black "Skvortsov, Alexander"]
[Result "0-1"]
[WhiteTitle "FM"]
[WhiteElo "2354"]
[BlackElo "2092"]
[WhiteFideId "24176427"]
[BlackFideId "24170038"]
[EventDate "2019.10.05"]

1. e4 e6 2. d4 d5 3. Nc3 Nf6 4. e5 Nfd7 5. f4 c5 6. Nf3 Nc6 7. Be3 Qb6 8. Na4
Qa5+ 9. c3 cxd4 10. b4 Nxb4 11. cxb4 Bxb4+ 12. Bd2 Bxd2+ 13. Nxd2 O-O 14. Be2 d3
15. Bxd3 Qb4 16. Qc2 Qxf4 17. Rf1 Qxe5+ 18. Kf2 Qd4+ 19. Ke2 Nf6 20. Nf3 Qg4 21.
Kf2 Bd7 22. Nc3 e5 23. h3 Qb4 24. Bxh7+ Kh8 25. Rac1 Qc5+ 26. Kg3 Nxh7 27. Qd2
d4 28. Ne4 Qd5 0-1

[Event "Chigorin Memorial 2019"]
[Site "St Petersburg RUS"]
[Date "2019.10.09"]
[Round "5.42"]
[White "Aleksandrov, Danila"]
[Black "Goganov, Aleksey"]
[Result "1-0"]
[BlackTitle "GM"]
[WhiteElo "2196"]
[BlackElo "2566"]
[WhiteFideId "4133650"]
[BlackFideId "24109959"]
[EventDate "2019.10.05"]

1. d4 d5 2. c4 c6 3. Nf3 Nf6 4. e3 Bf5 5. Nc3 e6 6. Nh4 Bg6 7. Be2 Nbd7 8. O-O
Bd6 9. Nxg6 hxg6 10. g3 Qe7 11. Qc2 dxc4 12. f4 Nb6 13. e4 Bb4 14. e5 Nfd5 15.
Ne4 Qd7 16. Bxc4 Nxc4 17. Qxc4 Be7 18. Qe2 f5 19. exf6 gxf6 20. Bd2 O-O-O 21.
Ba5 Rde8 22. Rac1 Rh5 23. Bc3 Reh8 24. Rf2 Nxc3 25. bxc3 e5 26. fxe5 fxe5 27.
Rd1 exd4 28. Rxd4 Rd5 29. Rxd5 Qxd5 30. Qg4+ Kb8 31. Qxg6 Bd8 32. Kg2 Bb6 33.
Rd2 Qc4 34. Qd6+ Ka8 35. Qd3 Qe6 36. Ng5 Qg4 37. h4 a6 38. Re2 Ka7 39. Re4 Qf5
40. Qf3 Qc5 41. Ne6 Qg1+ 42. Kh3 Rg8 43. Re2 Qd1 44. Ng5 Rd8 45. Re7 Qb1 46. Qf7
Bc5 47. Rd7 Rf8 48. Qe6 Rf3 49. Qxc6 Rf5 50. Qe4 Qxe4 51. Nxe4 1-0

[Event "Chigorin Memorial 2019"]
[Site "St Petersburg RUS"]
[Date "2019.10.09"]
[Round "5.43"]
[White "Svetushkin, Dmitry"]
[Black "Pogorelskikh, Sofia"]
[Result "1-0"]
[WhiteTitle "GM"]
[WhiteElo "2534"]
[BlackElo "2173"]
[WhiteFideId "13900463"]
[BlackFideId "44164548"]
[EventDate "2019.10.05"]

1. d4 Nf6 2. Nf3 e6 3. c4 Bb4+ 4. Nbd2 O-O 5. a3 Be7 6. e4 d5 7. e5 Nfd7 8. Bd3
c5 9. Qc2 h6 10. O-O cxd4 11. Nb3 Nc6 12. Bf4 dxc4 13. Bxc4 Nb6 14. Bd3 Qd5 15.
Nbd2 Bd7 16. Ne4 Na5 17. Qe2 Nb3 18. Rad1 Bc6 19. Rfe1 Rfc8 20. Bg3 a5 21. Qf1
a4 22. Nfd2 Nxd2 23. Rxd2 Qa5 24. Qe2 Bd5 25. Nd6 Bxd6 26. exd6 Nc4 27. Rdd1 b5
28. Qg4 Qd8 29. Bxc4 bxc4 30. Rxd4 Rcb8 31. Rxd5 exd5 32. d7 Rb7 33. Re8+ Qxe8
34. dxe8=R+ Rxe8 35. h4 Rxb2 36. Qd4 Rb1+ 37. Kh2 Ree1 38. Be5 Rbd1 39. Qg4 Kf8
40. Qxg7+ Ke8 41. Qxh6 Re4 42. Qc6+ Kf8 43. Qd6+ Ke8 44. Bf6 1-0

[Event "Chigorin Memorial 2019"]
[Site "St Petersburg RUS"]
[Date "2019.10.09"]
[Round "5.44"]
[White "Odegov, Artem"]
[Black "Abdisalimov, Abdimalik"]
[Result "1/2-1/2"]
[BlackTitle "FM"]
[WhiteElo "2183"]
[BlackElo "2409"]
[WhiteFideId "34183644"]
[BlackFideId "14206323"]
[EventDate "2019.10.05"]

1. d4 Nf6 2. c4 e6 3. Nf3 c5 4. d5 exd5 5. cxd5 d6 6. e4 g6 7. Bd3 Bg7 8. h3 O-O
9. O-O Re8 10. Re1 a6 11. a4 Nbd7 12. Nbd2 Rb8 13. a5 b5 14. axb6 Nxb6 15. Qc2
Nfd7 16. Ra3 Qc7 17. b3 a5 18. Qa2 Bc3 19. Qc2 Bb4 20. Ra2 Ne5 21. Nxe5 Rxe5 22.
Re2 Qe7 23. Nf1 Bd7 24. Bf4 Rh5 1/2-1/2

[Event "Chigorin Memorial 2019"]
[Site "St Petersburg RUS"]
[Date "2019.10.09"]
[Round "5.45"]
[White "Pershin, Denis"]
[Black "Volkov, Roman"]
[Result "1-0"]
[WhiteTitle "IM"]
[WhiteElo "2401"]
[BlackElo "2170"]
[WhiteFideId "24165506"]
[BlackFideId "34191442"]
[EventDate "2019.10.05"]

1. d4 Nf6 2. Nf3 e6 3. c4 b6 4. g3 Ba6 5. Qc2 Bb7 6. Bg2 c5 7. d5 exd5 8. cxd5
Nxd5 9. O-O Be7 10. Rd1 Nc6 11. Qa4 Nf6 12. Nh4 O-O 13. Nf5 d5 14. Nc3 Qd7 15.
Nxd5 Nxd5 16. Rxd5 Qe6 17. Bf4 Rad8 18. Nxe7+ Qxe7 19. Rxd8 Nxd8 20. Qxa7 Re8
21. Bxb7 Qxb7 22. Qxb7 Nxb7 23. Rd1 h6 24. Rd7 Na5 25. Kf1 Re4 26. Rd8+ Kh7 27.
Rb8 Re6 28. b3 c4 29. b4 g5 30. bxa5 gxf4 31. a6 c3 32. a7 c2 33. Rc8 Re8 34.
Rxc2 fxg3 35. hxg3 Ra8 36. Rc7 Kg6 37. Rb7 f6 38. e4 h5 39. Ke2 Kg5 40. f3 h4
41. gxh4+ Kxh4 42. Rxb6 Rxa7 43. Rxf6 1-0

[Event "Chigorin Memorial 2019"]
[Site "St Petersburg RUS"]
[Date "2019.10.09"]
[Round "5.46"]
[White "Efremov, Vladislav"]
[Black "Schekachikhin, Maksim"]
[Result "0-1"]
[WhiteTitle "FM"]
[BlackTitle "IM"]
[WhiteElo "2137"]
[BlackElo "2400"]
[WhiteFideId "44159935"]
[BlackFideId "24177830"]
[EventDate "2019.10.05"]

1. d4 Nf6 2. c4 e6 3. Nf3 d5 4. Nc3 dxc4 5. e4 b5 6. e5 Nd5 7. Nxb5 Nb6 8. Nc3
Nc6 9. Be2 Be7 10. O-O O-O 11. Be3 Rb8 12. Rc1 Nb4 13. b3 cxb3 14. axb3 Bb7 15.
Nd2 N6d5 16. Nxd5 Bxd5 17. Ra1 Rb7 18. Nc4 Qd7 19. Na5 Rbb8 20. Nc4 Qc6 21. f3
a6 22. Bf2 Qd7 23. Ne3 Bb7 24. Nc2 Nd5 25. Qd2 h6 26. Bc4 Rfd8 27. Rfb1 Qc8 28.
Qd3 Ra8 29. Bxd5 Bxd5 30. b4 Bc6 31. Qc3 Qd7 32. Ne1 Bb5 33. Ra2 Rdb8 34. Rab2
Rb7 35. Nc2 Qc6 36. Qxc6 Bxc6 37. Ra1 Bb5 38. Ra3 Bg5 39. Rb1 Kf8 40. Rba1 Ke8
41. Be3 Be7 42. Rb1 Rd8 43. Bd2 Rb6 44. Kf2 Rc6 45. Rb2 f6 46. exf6 Bxf6 47. Rc3
Kd7 48. Rxc6 Kxc6 49. Bc3 Rb8 50. Ke3 Kd5 51. Na3 Rb6 52. Rb1 Rc6 53. Nxb5 axb5
54. Kd3 Rc4 55. Re1 Bxd4 56. Bxd4 Rxd4+ 57. Kc3 e5 58. Ra1 g5 59. Ra5 c6 60. Ra8
Rc4+ 61. Kb3 g4 62. Rd8+ Ke6 63. Rh8 gxf3 64. Rxh6+ Kd5 65. gxf3 Rf4 66. Rh3 Kd4
67. Rg3 Ke3 68. Kc3 Rxf3 69. Rg6 Ke4+ 70. Kb2 Kd5 71. Rg2 e4 72. h4 Rh3 73. Rg5+
Kd4 74. h5 e3 75. Kc2 Rh2+ 76. Kd1 Kd3 0-1

[Event "Chigorin Memorial 2019"]
[Site "St Petersburg RUS"]
[Date "2019.10.09"]
[Round "5.47"]
[White "Duzhakov, Ilya"]
[Black "Khramov, Andrey"]
[Result "1-0"]
[WhiteTitle "IM"]
[WhiteElo "2401"]
[BlackElo "2159"]
[WhiteFideId "4192516"]
[BlackFideId "24199257"]
[EventDate "2019.10.05"]

1. d4 d5 2. c4 c6 3. Nf3 Nf6 4. Nc3 e6 5. g3 dxc4 6. Bg2 Nbd7 7. e4 b5 8. e5 Nd5
9. Ng5 Be7 10. Qh5 Bxg5 11. Bxg5 Qa5 12. Bd2 Nxc3 13. Bxc6 Rb8 14. bxc3 Qc7 15.
Be4 Bb7 16. f3 Nb6 17. Rb1 Bd5 18. Qg4 g6 19. Rxb5 O-O 20. O-O Na4 21. Rxb8 Rxb8
22. Bxd5 exd5 23. Re1 Nb6 24. Bg5 Re8 25. Qf4 Nd7 26. Re2 Qb6 27. Kg2 f5 28. Qc1
Nb8 29. Rb2 Qa5 30. Bf6 Qc7 31. Qb1 Nd7 32. Rb7 Qc6 33. Bg5 a6 34. Qb4 Kh8 35.
h4 Kg8 36. a4 Nf8 37. a5 Ne6 38. Bf6 Nxd4 39. Rg7+ 1-0

[Event "Chigorin Memorial 2019"]
[Site "St Petersburg RUS"]
[Date "2019.10.09"]
[Round "5.48"]
[White "Khudyakov, Stanislav"]
[Black "Yatzenko, Anton"]
[Result "0-1"]
[WhiteElo "2160"]
[BlackElo "2383"]
[WhiteFideId "44131232"]
[BlackFideId "4157826"]
[EventDate "2019.10.05"]

1. Nf3 Nf6 2. g3 d5 3. Bg2 c6 4. O-O Bg4 5. b3 Nbd7 6. Bb2 e6 7. d3 Be7 8. c4
O-O 9. Qc2 a5 10. a3 Re8 11. h3 Bh5 12. Nbd2 Bf8 13. Rfe1 e5 14. Nh4 d4 15. Rab1
Qc7 16. Bc1 Nc5 17. g4 Bg6 18. Nxg6 hxg6 19. Ne4 Nfxe4 20. Bxe4 Qd7 21. b4 axb4
22. axb4 Nxe4 23. dxe4 b5 24. c5 Qe6 25. Rb3 Qc4 26. Qd3 Ra1 27. Bd2 Rea8 28.
Rb2 Rxe1+ 29. Bxe1 Ra1 30. Qd2 Qc3 0-1

[Event "Chigorin Memorial 2019"]
[Site "St Petersburg RUS"]
[Date "2019.10.09"]
[Round "5.49"]
[White "Yagupov, Igor"]
[Black "Lebedev, Mikhail S."]
[Result "1/2-1/2"]
[WhiteTitle "GM"]
[WhiteElo "2381"]
[BlackElo "2142"]
[WhiteFideId "4113632"]
[BlackFideId "24130303"]
[EventDate "2019.10.05"]

1. e4 c5 2. Nf3 Nc6 3. d4 cxd4 4. Nxd4 Nf6 5. Nc3 e5 6. Ndb5 d6 7. Bg5 a6 8. Na3
b5 9. Nd5 Be7 10. Bxf6 Bxf6 11. c4 b4 12. Nc2 O-O 13. g3 Bg5 14. Bg2 a5 15. O-O
Ne7 16. Nce3 Bxe3 17. Nxe3 Be6 18. Qd3 Qc7 19. Rac1 Rac8 20. b3 Qc5 21. Nf5 Bxf5
22. exf5 Nc6 23. Bxc6 Rxc6 24. Rcd1 a4 25. Rfe1 axb3 26. axb3 Ra6 27. f6 Re8 28.
Qf5 Re6 29. Rd5 Qc7 30. fxg7 Kxg7 31. Re4 Ra3 32. c5 dxc5 33. Rdxe5 Rxe5 34.
Rxe5 Qc6 35. Qg5+ Qg6 36. Qc1 h6 37. Re3 Qd6 38. Qb2+ Qf6 39. Qc2 Qc6 40. Qb2+
Qf6 41. Qe2 Ra1+ 42. Kg2 Rc1 43. Rf3 Qd4 44. Qe7 Qd5 45. Qf6+ Kg8 46. Qf5 Qxf5
47. Rxf5 Kg7 48. g4 Rc3 49. f3 Kg6 50. Kg3 Kg7 51. Kh4 1/2-1/2

[Event "Chigorin Memorial 2019"]
[Site "St Petersburg RUS"]
[Date "2019.10.09"]
[Round "5.50"]
[White "Khalikov, Bulat"]
[Black "Nie, Xinyang"]
[Result "0-1"]
[WhiteElo "2152"]
[BlackElo "2366"]
[WhiteFideId "34147869"]
[BlackFideId "8607222"]
[EventDate "2019.10.05"]

1. e4 d6 2. d4 Nf6 3. Nc3 g6 4. f4 Bg7 5. Nf3 O-O 6. Bd3 a6 7. O-O b5 8. e5 Nfd7
9. Be3 Bb7 10. Ne4 Nb6 11. b3 N8d7 12. Neg5 e6 13. Nxh7 Kxh7 14. Ng5+ Kg8 15.
Qg4 Nd5 16. Qh3 N5f6 17. exf6 Nxf6 18. Bxg6 fxg6 19. Qxe6+ Kh8 20. Qh3+ Nh5 21.
g4 Qd7 22. f5 Qc6 23. gxh5 gxf5 24. Ne6 Rg8 25. Nf4 Rae8 26. Rae1 Rxe3 27. Ng6+
Kh7 28. Rxe3 Bxd4 29. Kf2 Re8 30. Re1 Qxc2+ 31. Re2 Rxe3 0-1

[Event "Chigorin Memorial 2019"]
[Site "St Petersburg RUS"]
[Date "2019.10.09"]
[Round "5.51"]
[White "Vetokhin, Ilia"]
[Black "Purtov, Andrei"]
[Result "1-0"]
[BlackTitle "IM"]
[WhiteElo "2143"]
[BlackElo "2353"]
[WhiteFideId "24156078"]
[BlackFideId "4102037"]
[EventDate "2019.10.05"]

1. d4 Nf6 2. c4 g6 3. Nc3 Bg7 4. e4 d6 5. Be2 O-O 6. Bg5 Na6 7. f4 c6 8. Bf3 Nc7
9. Nge2 Qe8 10. O-O h6 11. Bh4 e5 12. dxe5 dxe5 13. Qd6 Qd7 14. fxe5 g5 15. Rad1
Qxd6 16. exd6 gxh4 17. dxc7 Ne8 18. Nd4 Nxc7 19. Bh5 h3 20. Nce2 hxg2 21. Kxg2
Ne8 22. Nf5 Bxf5 23. exf5 Be5 24. Ng3 Nf6 25. Bf3 Rad8 26. b3 Bxg3 27. Kxg3 Rfe8
28. Kf4 Kf8 29. b4 a5 30. a3 axb4 31. axb4 Ra8 32. Ra1 Red8 33. Rxa8 Rxa8 34. b5
Rc8 35. bxc6 bxc6 36. Rd1 Ke7 37. c5 Ne8 1-0

[Event "Chigorin Memorial 2019"]
[Site "St Petersburg RUS"]
[Date "2019.10.09"]
[Round "5.52"]
[White "Polosin, Evgeni"]
[Black "Nandhidhaa, P V"]
[Result "1-0"]
[BlackTitle "WIM"]
[WhiteElo "2159"]
[BlackElo "2348"]
[WhiteFideId "24108456"]
[BlackFideId "5050847"]
[EventDate "2019.10.05"]

1. e4 c5 2. Nf3 e6 3. c3 Nf6 4. e5 Nd5 5. d4 cxd4 6. cxd4 d6 7. Bc4 Nc6 8. O-O
Be7 9. Bd2 O-O 10. Nc3 Nxc3 11. Bxc3 d5 12. Bd3 Bd7 13. Rc1 Rc8 14. Bb1 Na5 15.
Nd2 Nc4 16. Nxc4 dxc4 17. Bd2 Bb5 18. Rc3 g6 19. Bh6 Re8 20. a4 Bc6 21. Qg4 Bxa4
22. Rh3 Rc7 23. Be3 f5 24. exf6 Bxf6 25. Rc1 Bb3 26. Rf3 Bg7 27. h4 e5 28. dxe5
Rd7 29. h5 Rd1+ 30. Kh2 Rxc1 31. Bxc1 Rxe5 32. hxg6 h5 33. Qf4 Re1 34. Qf7+ Kh8
35. Rh3 Bd1 36. f3 Qa5 37. Bd2 Qe5+ 38. Bf4 Qc5 39. Bf5 Bxf3 40. Rxf3 Qg1+ 41.
Kh3 Re2 42. Kh4 Qxg2 43. Be6 Qh1+ 44. Rh3 Qe1+ 45. Kxh5 1-0

[Event "Chigorin Memorial 2019"]
[Site "St Petersburg RUS"]
[Date "2019.10.09"]
[Round "5.53"]
[White "Ovchinnikov, Vsevolod"]
[Black "Nasibullin, Iskander"]
[Result "1-0"]
[WhiteTitle "FM"]
[WhiteElo "2345"]
[BlackElo "2123"]
[WhiteFideId "24176842"]
[BlackFideId "34124273"]
[EventDate "2019.10.05"]

1. d4 Nf6 2. c4 e6 3. g3 d5 4. Nf3 Bb4+ 5. Bd2 Bd6 6. Nc3 c6 7. Bg5 h6 8. Bxf6
Qxf6 9. e4 dxe4 10. Nxe4 Bb4+ 11. Ke2 Qg6 12. Qd3 f5 13. Nc3 Nd7 14. Bg2 Qf6 15.
Rhe1 O-O 16. Kf1 Bd6 17. c5 Bc7 18. Qc4 Qf7 19. Qxe6 Qxe6 20. Rxe6 Nxc5 21. Re2
Nd7 22. d5 Nb6 23. Nd4 f4 24. dxc6 bxc6 25. Bxc6 Bh3+ 26. Bg2 Rad8 27. Bxh3 Rxd4
28. Nb5 f3 29. Rc2 Be5 30. Nxd4 Bxd4 31. Rd1 1-0

[Event "Chigorin Memorial 2019"]
[Site "St Petersburg RUS"]
[Date "2019.10.09"]
[Round "5.54"]
[White "Shkurkin, Andrey"]
[Black "Gevorgyan, David Sh."]
[Result "0-1"]
[WhiteTitle "FM"]
[BlackTitle "IM"]
[WhiteElo "2184"]
[BlackElo "2336"]
[WhiteFideId "34179647"]
[BlackFideId "13303244"]
[EventDate "2019.10.05"]

1. d4 Nf6 2. c4 e6 3. g3 c5 4. d5 exd5 5. cxd5 g6 6. Nc3 d6 7. Bg2 Bg7 8. Nf3
O-O 9. O-O Re8 10. Bf4 a6 11. a4 Qc7 12. Nd2 Nh5 13. Be3 Nd7 14. Nc4 Ne5 15.
Nxe5 Rxe5 16. Bd2 Bd7 17. e4 Ree8 18. a5 b5 19. axb6 Qxb6 20. Qc2 Nf6 21. Na4
Qd8 22. Bc3 Bb5 23. Rfe1 Nd7 24. Bxg7 Kxg7 25. Qc3+ Qf6 26. Qxf6+ Kxf6 27. f4
Rab8 28. Bh3 Nb6 29. e5+ dxe5 30. fxe5+ Rxe5 31. Rxe5 Kxe5 32. Nxc5 Nxd5 33.
Nxa6 Bxa6 34. Rxa6 Rxb2 35. Bg2 Ne3 36. Bf3 h5 37. Ra7 Kf6 38. Ra3 Nc4 39. Ra7
Ne5 40. Bd5 Rd2 41. Be4 Ng4 42. h3 Ne5 43. Rb7 Rd4 44. Bg2 h4 45. gxh4 Rxh4 46.
Kf2 Rd4 47. Kg3 Kg5 48. Rb5 Rd3+ 49. Kf2 f6 50. Ra5 Rd4 51. Kg3 Rd3+ 52. Kf2 Rb3
53. Rd5 Kf5 54. Ra5 g5 55. Rd5 Kg6 56. Ra5 Nd3+ 57. Kg1 Nf4 0-1

[Event "Chigorin Memorial 2019"]
[Site "St Petersburg RUS"]
[Date "2019.10.09"]
[Round "5.55"]
[White "Terentev, Mikhail"]
[Black "Mnatsakanian, Arsen"]
[Result "1/2-1/2"]
[WhiteElo "2096"]
[BlackElo "2321"]
[WhiteFideId "24183814"]
[BlackFideId "24189820"]
[EventDate "2019.10.05"]

1. e4 d6 2. d4 Nf6 3. Nc3 g6 4. f4 Bg7 5. Nf3 c5 6. dxc5 Qa5 7. Bd3 Qxc5 8. Qe2
Nc6 9. Be3 Qa5 10. O-O Bg4 11. h3 Bxf3 12. Qxf3 O-O 13. a3 Nd7 14. Rab1 Bxc3 15.
bxc3 Nc5 16. Bd2 Nxd3 17. cxd3 Qxa3 18. Rxb7 Rab8 19. Rfb1 Rxb7 20. Rxb7 Qa2 21.
Qd1 Rb8 22. Rxb8+ Nxb8 23. Be3 a5 24. Kh2 a4 25. Qg4 Qe6 26. Qg5 f5 27. exf5 Qf6
28. fxg6 Qxg5 29. gxh7+ Kxh7 30. fxg5 a3 31. Bc1 a2 32. Bb2 Nc6 33. Kg3 Ne5 34.
d4 Nd3 35. Ba1 d5 36. Kg4 e6 37. h4 Ne1 38. Kf4 Kg6 39. Ke5 Kf7 40. Kd6 Nxg2 41.
g6+ Kxg6 42. Kxe6 Ne3 43. c4 dxc4 44. d5 Nc2 45. d6 Nxa1 46. d7 Nb3 47. d8=Q
a1=Q 48. Qg5+ Kh7 49. Qf5+ Kh8 50. Qh5+ Kg7 51. Qf7+ Kh6 52. Qf4+ 1/2-1/2

[Event "Chigorin Memorial 2019"]
[Site "St Petersburg RUS"]
[Date "2019.10.09"]
[Round "5.56"]
[White "Gorovenko, Darya"]
[Black "Goltsev, Dmitry"]
[Result "1-0"]
[WhiteTitle "WFM"]
[BlackTitle "FM"]
[WhiteElo "2088"]
[BlackElo "2309"]
[WhiteFideId "24173800"]
[BlackFideId "24176710"]
[EventDate "2019.10.05"]

1. d4 Nf6 2. Nf3 b6 3. g3 Bb7 4. Bg2 g6 5. O-O Bg7 6. c4 O-O 7. d5 d6 8. Nd4 Qd7
9. Nc3 c5 10. Nc2 Na6 11. e4 Nc7 12. a4 e5 13. Qe2 a6 14. a5 b5 15. b4 Rfc8 16.
Ba3 cxb4 17. Bxb4 bxc4 18. Na4 Nb5 19. Nb6 Qc7 20. Na3 Nxa3 21. Rxa3 Rab8 22.
Rc1 Rd8 23. Rxc4 Qe7 24. Rac3 Ne8 25. Qc2 h5 26. Bh3 Bh6 27. Ba3 h4 28. Kg2 Kg7
29. Qa4 hxg3 30. hxg3 Bg5 31. Bd7 Nf6 32. Rc7 Nxd7 33. Rxd7 Rxd7 34. Qxd7 Qxd7
35. Nxd7 Rc8 36. Bxd6 f6 37. Rb3 Ba8 38. Nb6 Re8 39. Rc3 Bd2 40. Rc7+ Kh6 41.
Ra7 1-0

[Event "Chigorin Memorial 2019"]
[Site "St Petersburg RUS"]
[Date "2019.10.09"]
[Round "5.57"]
[White "Iliaguev, Nisim"]
[Black "Rudovskii, Filipp"]
[Result "1-0"]
[WhiteTitle "FM"]
[WhiteElo "2310"]
[BlackElo "2120"]
[WhiteFideId "2817276"]
[BlackFideId "54121299"]
[EventDate "2019.10.05"]

1. d4 Nf6 2. Nf3 e6 3. Bg5 Be7 4. Nbd2 d5 5. e3 Ne4 6. Bxe7 Qxe7 7. Nxe4 dxe4 8.
Nd2 f5 9. Qh5+ Qf7 10. Qxf7+ Kxf7 11. O-O-O Nd7 12. Bc4 Nf6 13. f3 exf3 14. gxf3
Bd7 15. e4 f4 16. Bb3 g5 17. Nc4 Bb5 18. Ne5+ Ke7 19. c4 Bd7 20. Nd3 1-0